00691nam a2200181 4500082001500000100001800015245005000033260004700083300004500130500007100175500008100246526003700327526003700364526003700401526003700438650000800475650002600483 a940.4bBUC1 aBuchan, John,10aNelson's History of the war.cBy John Buchan. aLondon,aNew York,bT. Nelsonc[1915-1919] a24 v.bmaps (part fold.) diagrs.c19 cm. a"With a preface by the Earl of Roseberry, K. G."--t.-p. of vol. I. aSubsequently published in 4 volumes under title: A history of the great war. a0b0c0d940_400000000000000_BUC a0b0c0d940_400000000000000_BUC a0b0c0d940_400000000000000_BUC a0b0c0d940_400000000000000_BUC 0aMCE 0aWorld War, 1914-1918.